Entreprises des familles les plus riches de France - Statistiques

Statistiques générales
  • Ce quiz a été pris 43 fois
  • Le résultat moyen est 3 sur 10
Statistiques - réponses
Hint Réponse % Correct
Bernard Arnault LVMH
94%
Françoise Bettencourt Meyers L'Oréal
61%
Rodolphe Saadé CMA CGM
36%
Alain et Gérard Wertheimer Chanel
25%
François Pinault Kering
25%
Gérard Mulliez Groupe Mulliez
8%
Famille Hermès Hermès international
8%
Xavier Niel Iliad
8%
Laurent Marie-Hélène et Thierry Dassault Groupe Dassault
6%
Emmanuel Besnier Lactalis
3%
Aucun quiz correspondant
Distribution des résultats
% des personnes avec chaque résultat
Percentile par nombre de réponses
Votre historique - résultats
Vous n’avez pas pris ce quiz